De la "década perdida" a la "década de la exclusión social"/
Tallennettuna:
| Päätekijä: | |
|---|---|
| Aineistotyyppi: | Kirja |
| Kieli: | Spanish |
| Tagit: |
Lisää tagi
Ei tageja, Lisää ensimmäinen tagi!
|
MARC
| LEADER | 00000nam a22000007a 4500 | ||
|---|---|---|---|
| 003 | cru CIDCACS/IIS | ||
| 005 | 20191009113748.0 | ||
| 008 | 191009b ||||| |||| 00| 0 spa d | ||
| 999 | |c 42461 |d 42461 | ||
| 040 | |c cru CIDCACS/IIS | ||
| 100 | 1 | |9 8652 |a Tamayo G., Eduardo | |
| 245 | 1 | |a De la "década perdida" a la "década de la exclusión social"/ |c Eduardo Tamayo G. | |
| 300 | |a páginas 21-25 | ||
| 773 | 0 | |0 42391 |9 3518 |a Agencia Latinoamericana de Información, ALAI |d Quito, Ecuador: ALAI |o 11484-SIABUC-14 |t ALAI: |x 08275564 | |
| 942 | |2 ddc |c PP | ||
